01712nam a2200253 a 4500001001000000003000900010005001700019007000300036008004100039020001800080040002500098082002000123245026700143260008000410300003600490500007400526505068100600700002701281700003401308700004201342700002601384700001901410700002901429000048407DO-SdBNP20240319121127.0ta190304s2012 dr ac 000 m spa d a9789945882025 aDO-SdBNPbspacBNPHU a709.7293bC691e00aColección Eduardo León Jimenes de artes visuales :bestructura, contenido, proyección, trascendencia /ctextos Marianne de Tolentino, Rafael Emilio Yunén, Kerenia Guillarón, Sara Hermann, José M. Fernández Pequeño ; traducción Dolores Vicioso.  aSantiago de los Caballeros, República Dominicana :bCentro León,c2012. a279 p. :bil., retrs. ;c24 cm. aIncluye datos biográficos de la autora en la solapa de la portada. 0 aDe cómo una colección de arte genera un dialogo permanente con la comunidadrRafael Emilio Yunén --tColección y concurso Eduardo León Jimenes: memoria y proyección del arte dominicano /rMarianne de Tolentino --tEl coleccionismo privado en la República Dominicana. La Colección Eduardo León Jimenes de Artes Visuales como paradigma /rKarenia Guillarón, Sara Hermann --tConcurso de arte Eduardo León Jimenes: Un dialogo de medio siglo /rJosé M. Fernandez PequenótSelección de obras --tConcurso Eduardo León Jimenes: obras premiadas y jurados --tEduardo León Jimenes Visual Arts Collection: Structure, Content, Projections, Transcendence.1 aTolentino, Marianne de1 aYunén, Rafael Emiliod1952-1 aFernández Pequeño, José Manuel.1 aGuillarón, Karenia.1 aHermann, Sara.1 aVicioso, Dolores,etrad.